| 000 | 00471cam a2200181ua 4500 | ||
|---|---|---|---|
| 020 | _c375.00 | ||
| 041 |
_aeng _h |
||
| 082 |
_a621.3678 _bJOS/FU |
||
| 100 | _aJoseph, George . | ||
| 245 |
_aFundamentals of remote sensing / _cGeorge Joseph. _hTextual Documents |
||
| 260 |
_aHyderabad : _bUniversities press India Pvt Ltd , _c2004. |
||
| 300 | _a434 ; . | ||
| 365 | _a375.00 | ||
| 500 | _a20892-Scheme | ||
| 504 | _a | ||
| 942 | _cBK | ||
| 999 |
_c12189 _d12189 |
||